000
00271nam a2200121Ia 4500
008
190216s9999||||xx |||||||||||||| ||und||
100
_a
Raghavan M
245
0
_a
Iniyumethra Katham
260
_b
Poorna Pubs Kozhikode
300
_a
80
650
_a
Kathakal
942
_c
BK
999
_c
28386
_d
28386